کشمیری لال ذاکر کے ناولوں کے نسوانی کرداروں کے مسایل / (Record no. 191758)

MARC details
000 -LEADER
fixed length control field 00731nam a22001937a 4500
005 - DATE AND TIME OF LATEST TRANSACTION
control field 20220902103444.0
010 ## - LCCN (DPL NO)
LC control number UR-11697
020 ## - INTERNATIONAL STANDARD BOOK NUMBER
International Standard Book Number 9789392496714
Terms of availability 200.00
035 ## - SYSTEM CONTROL NUMBER
System control number U-10252
037 ## - SOURCE OF ACQUISITION
Source of stock number/acquisition DBAD/PUB
Stock number -
082 ## - DEWEY DECIMAL CLASSIFICATION NUMBER
Classification number 305.4
100 ## - MAIN ENTRY--PERSONAL NAME
Personal name جہا ں نظیر
245 ## - TITLE STATEMENT
Title کشمیری لال ذاکر کے ناولوں کے نسوانی کرداروں کے مسایل /
Statement of responsibility, etc جہا ں نظیر
Medium ا ر د و
246 ## - VARYING FORM OF TITLE
Title proper/short title Kashmiri Lal Zakir ke Novelon ke Niswani Kirdaron ke Masayel /
Remainder of title by Jahan Nazeer
260 ## - PUBLICATION, DISTRIBUTION, ETC. (IMPRINT)
Place of publication, distribution, etc New Delhi
Name of publisher, distributor, etc Educational Publishing House
Date of publication, distribution, etc 2021 ء
270 ## - ADDRESS
Address H.O. D1/16, Ansari Road, Daryaganj
City New Delhi
Postal code 110002
300 ## - PHYSICAL DESCRIPTION
Extent 167 ص
Dimensions 22cm(Hb)
942 ## - ADDED ENTRY ELEMENTS (KOHA)
Source of classification or shelving scheme Dewey Decimal Classification
Item type Urdu Bks
Classification part 305.4
Call number suffix ج ہ ا
Holdings
Withdrawn status Lost status Not for loan Collection code Home library Current library Date acquired Source of acquisition Cost, normal purchase price Full call number Barcode Copy number Cost, replacement price Koha item type
      Non-fiction Sarojini Nagar Sarojini Nagar 02/09/2022 DBAD/PUB 200.00 305.4 ج ہ ا U-10252 1 200.00 Urdu Bks

© Delhi Public Library
Hit Counter
free hit counter